01187nas a2200265Ia 4500001001100000003000900011008004100020040001300061040001300074041001300087100004400100210001200144222001200156245008300168250001100251260003000262501008600292300001700378362002400395500022500419650003600644942000700680999001900687952021500706R033/43970IT-RoPAU151124c99999999xx |||||||||||| ||und|| aIT-RoPAU cIT-RoPAU aITALIANO aCanova GiannigCodice Aut. SPICS: 19916 aSCHERMO aSchermo aSCHERMO, N.2/3-FEBBRAIO 1983bPeter Weir: la Paura Come Epifania di Un'Assenza a1a ed. aMONZAbPROTOCULTURAc1983 bPaulus - SPICS - Società San Paolo EM (non-commercial uses only)cCopyright2015 a8 p. [87-94] aN.2/3-FEBBRAIO 1983 aRiflessioni Sul Cinema di Peter Weir. Tattica dell'Antitesi e dell'Antologia. Codici della Paura e Paura di Perdere il Codice. Schede e Note Critichesui Suoi Film: Picnic a Hanging Rock, L'Ultima Onda, gli Anni Spezzati. aCINEMAvPUBBLICAZIONE PERIODICA cCR c196907d196907 0010406R_033_43970000000000071aSPICSbSPICSd2015-11-25l0oR033/43970r2015-11-25 00:00:00w2015-11-25yCRzProgr. Ins: 34857 / Copia rara: NO / date import: 25.11.2015 / By Epidotti, Trombetti, Vaglietti